Obra poética escogida : (Record no. 198366)

MARC details
000 -LEADER
campo de control de longitud fija 01152nam a2200349 i 4500
001 - NÚMERO DE CONTROL
campo de control 198366
003 - IDENTIFICADOR DE NÚMERO DE CONTROL
campo de control ES-MaACL
005 - FECHA Y HORA DE LA ÚLTIMA TRANSACCIÓN
campo de control 20260525141500.0
007 - CAMPO FIJO DE DESCRIPCIÓN FÍSICA--INFORMACIÓN GENERAL
campo de control de longitud fija ta
008 - DATOS DE LONGITUD FIJA--INFORMACIÓN GENERAL
campo de control de longitud fija 260525s1977 sp a|||| |||| 001 1 spa d
017 ## - NÚMERO DE COPYRIGHT O DE DEPÓSITO LEGAL
Número de copyright o de depósito legal M 34753-1977
Agencia que asigna Oficina Depósito Legal Madrid
020 ## - NÚMERO INTERNACIONAL ESTÁNDAR DEL LIBRO
Número Internacional Estándar del Libro 84-239-2025-9
040 ## - FUENTE DE CATALOGACIÓN
Centro catalogador/agencia de origen ES-MaACL
Lengua de catalogación spa
Centro/agencia transcriptor ES-MaACL
Normas de descripción rda
080 ## - NÚMERO DE LA CLASIFICACIÓN DECIMAL UNIVERSAL
Número de la Clasificación Decimal Universal 821.134.2-19"19"
100 1# - ENTRADA PRINCIPAL--NOMBRE DE PERSONA
Nombre de persona León Felipe,
Fechas asociadas al nombre 1884-1968
Relación aut
9 (RLIN) 71613
Término indicativo de función/relación Autor
245 10 - MENCIÓN DEL TÍTULO
Título Obra poética escogida :
Resto del título prólogo y selección al cuidado de Gerardo Diego /
Mención de responsabilidad, etc. León Felipe
264 #1 - PRODUCCIÓN, PUBLICACIÓN, DISTRIBUCIÓN, FABRICACIÓN Y COPYRIGHT
Producción, publicación, distribución, fabricación y copyright Madrid :
Nombre del de productor, editor, distribuidor, fabricante Espasa-Calpe,
Fecha de producción, publicación, distribución, fabricación o copyright 1977
264 #4 - PRODUCCIÓN, PUBLICACIÓN, DISTRIBUCIÓN, FABRICACIÓN Y COPYRIGHT
Fecha de producción, publicación, distribución, fabricación o copyright ©1975
300 ## - DESCRIPCIÓN FÍSICA
Extensión 263 páginas :
Otras características físicas ilustraciones (blanco y negro) ;
Dimensiones 18 cm
336 ## - TIPO DE CONTENIDO
Fuente rdacontent
Término de tipo de contenido Texto
337 ## - TIPO DE MEDIO
Fuente rdamedia
Nombre/término del tipo de medio sin mediación
338 ## - TIPO DE SOPORTE
Fuente rdacarrier
Nombre/término del tipo de soporte volumen
490 0# - MENCIÓN DE SERIE
Mención de serie Selecciones Austral.
Nombre de parte o sección de la obra Poesía ;
Designación de volumen o secuencia 25
500 ## - NOTA GENERAL
Nota general Registro provisional
500 ## - NOTA GENERAL
Nota general Índice
655 #4 - TERMINO DE INDIZACIÓN--GENERO/FORMA
Datos o término principal de género/forma Poesías
9 (RLIN) 176539
700 1# - ENTRADA AGREGADA--NOMBRE PERSONAL
Nombre de persona Diego, Gerardo,
Fechas asociadas al nombre 1896-1987
Relación edc
-- aui
9 (RLIN) 44545
Término indicativo de función/relación Compilador
-- Autor de introducción
852 ## - LOCALIZACIÓN
Ubicación ES-MaACL
Ubicación en estantería Despachos-biblioteca
Número de control de estantería DB-195
Donativo/Legado Donación: J. Porto
Encuadernación Encuadernación rústica
942 ## - ELEMENTOS DE ENTRADA SECUNDARIOS (KOHA)
Tipo de ítem Koha Libro impreso
Suprimir en OPAC No
Holdings
Estatus retirado Estado de pérdida Fuente del sistema de clasificación o colocación Estado de daño No para préstamo Biblioteca de origen Biblioteca actual Ubicación en estantería Fecha de adquisición Fuente de adquisición Total de préstamos Signatura topográfica completa Código de barras Visto por última vez Precio de reemplazo Tipo de ítem Koha
    Clasificación decimal universal     Biblioteca del Ateneo de Madrid Biblioteca del Ateneo de Madrid Despachos-biblioteca 25/05/2026 Donación   DB-195 2026-0340 25/05/2026 25/05/2026 Libro impreso